| 000 | 00358nam a22001217a 4500 | ||
|---|---|---|---|
| 020 | _a0471389226 | ||
| 082 |
_222 _a005.8 |
||
| 100 | _aAnderson, Ross J. | ||
| 245 | _aSecurity engineering a guide to building dependable distributed systems / | ||
| 260 |
_aNew York, _bJohn Wiley and Sons, _cc2001. |
||
| 300 |
_axxviii, 612p. ; _bill. ; _c23 cm. |
||
| 942 |
_2ddc _cIT |
||
| 999 |
_c1811 _d1811 |
||